| 000 | 01015cab a2200265 4500 | ||
|---|---|---|---|
| 001 | ABS59971 | ||
| 008 | 090401t1999 xxu||||| |||| 00| 0 eng d | ||
| 035 | _a(Sirsi) u90734 | ||
| 041 | _aeng | ||
| 100 | _aWinchester, R. | ||
| 245 | _aSelling a dream or a nightmare? | ||
| 260 | _c1999 | ||
| 350 | _a0 | ||
| 490 |
_aInside Housing _v16(2) 15 January 1999, 14-15(2) |
||
| 520 | _aExamines the effects of the right to buy scheme in the light of a new report by the Joseph Rowntree Foundation, "Reviewing the right to buy". Argues that in some areas the scheme has led to increased social exclusion, concentration of poverty, polarisation of the young and elderly in poor quality conuncil housing and destabilisation of estates. | ||
| 650 | _aCOUNCIL ESTATES | ||
| 650 | _aCOUNCIL HOUSING | ||
| 650 | _aCOUNCIL TENANTS | ||
| 650 | _aHOME OWNERSHIP | ||
| 650 | _aJOSEPH ROWNTREE FOUNDATION | ||
| 650 | _aRIGHT TO BUY SCHEME | ||
| 690 |
_aBlock management _96220 |
||
| 942 | _n0 | ||
| 948 | _c15/01/1999 | ||
| 999 |
_c57536 _d57536 |
||